Bücher im Geiste der Weimarer Demokratie

Titel: Bücher im Geiste der Weimarer Demokratie : Harry Schumann (1894-1942) und der Carl Reissner Verlag / von Andreas Pehnke
Verfasser:
Ausgabe: 1. Auflage
Veröffentlicht: Markkleeberg : Sax-Verlag, 2021
Umfang: 175 Seiten : Illustrationen ; 25 cm, 630 g
Format: Buch
Sprache: Deutsch
Schlagworte:
ISBN: 9783867292696 ; 3867292698
Buchumschlag
X
alg: 48679603
001A    $06000:21-10-21 
001B    $03025:16-03-26 $t13:59:38.000 
001D    $01999:20-12-22 
001U    $0utf8 
001X    $00 
002@    $0Aax 
002C    $aText $btxt $2rdacontent 
002D    $aohne Hilfsmittel zu benutzen $bn $2rdamedia 
002E    $aBand $bnc $2rdacarrier 
003@    $0486796035 
004A    $A978-3-86729-269-6 $fFesteinband : EUR 24.80 (DE), EUR 25.50 (AT) 
004A    $03-86729-269-8 
004E/01 $029-269 $lBestellnummer 
004K    $09783867292696 
006C    $01259364829 $aOCoLC 
006G    $01236154835 
006H    $0TOCNEUA2142 $2DNB 
006T    $021,N27 
006U    $022,A02 $f20210628 
007A    $01236154835 $aDNB 
009P    $qtext/html $A2 $3Inhaltstext $uhttp://deposit.dnb.de/cgi-bin/dokserv?id=b147f18dbb3d4102a845b46484b01952&prov=M&dok_var=1&dok_ext=htm $mX:MVB 
009P    $qapplication/pdf $A2 $3Inhaltsverzeichnis $uhttps://d-nb.info/1236154835/04 $mB:DE-101 
010@    $ager 
010E    $erda 
011@    $a2021 $n2021 
021A    $aBücher im Geiste der Weimarer Demokratie $dHarry Schumann (1894-1942) und der Carl Reissner Verlag $hvon Andreas Pehnke 
028A    $BVerfasser $#Pehnke, Andreas Eckhard $4aut $7120063247 $8Pehnke, Andreas$Z1957- [Tp3] $9151731454 
032@    $a1. Auflage 
033A    $pMarkkleeberg $01064198759 $nSax-Verlag 
034D    $a175 Seiten 
034I    $a25 cm, 630 g 
034M    $aIllustrationen 
044K    $qDNB $7117294608 $8Schumann, Harry$Z1894-1942 [Tp1] $9151105561 
044K    $qDNB $ROswald Arnold Verlag $#Carl Reißner Verlag $#Reißner Verlag $#Carl Reißner, Verlagsbuchhandlung $#Reissner Offizin Dresden $#Carl Reißner Firma $738134-2 $8Verlag Carl Reißner [Tb1] $9040378667 
045E    $c070 $c943 
045F    $a070.5092 $eDDC23ger 
045F/01 $a070.5 
045F/03 $f092 
045G    $a002.0943070904 $eDDC23BSB 
045G/01 $a002.09 
045G/03 $f0904 
045G/03 $g4307 
045G/03 $g43832 
045R    $aGeschichte 
045V    $803.16.07$jBuchhandel. Verlage [Tkx] $911884427X 

lok: 48679603 62

exp: 48679603 62 1 #EPN
201B/01 $011-05-22 $t22:04:04.000 
201C/01 $011-05-22 
203@/01 $01201900409 
208@/01 $a11-05-22 $be 
209A/01 $a/ $f000 $x00 
209B/01 $a2022 $x05 
247C/01 $8Frankfurt, Bibliographie der Deutschen Sprach- und Literaturwissenschaft $9113214561 
201U/01 $0utf8 

lok: 48679603 78

exp: 48679603 78 1 #EPN
201B/01 $016-03-26 $t13:59:38.000 
201C/01 $016-03-26 
201U/01 $0utf8 
203@/01 $01337581631 
208@/01 $a16-03-26 $be 
209A/01 $a/ $f000 $x00 
209A/01 $ab*p $x01 
220C/01 $apgar 
244Z/01 $#Preußen $#Preußen $#Brandenburg-Preußen $#Königreich Preußen $#Preußische Staaten $#Preußischer Staat $#Der @Preußische Staat $#Königlich Preußische Staaten $#Prusy Królewskie $#Königlich Preußen $#Prussia $74047194-9 $8--Tg1--Preußen $x06 $9085131652 
247C/01 $82080>Marburg/Lahn, Herder-Institut, Forschungsbibliothek, Bibliographieportal $9336309341
LEADER 00000cam a22000002c 4500
001 486796035
003 DE-603
005 20260316135938.0
007 tu
008 211021s2021 xx |||| | u00||u|ger
015 |a 22,A02  |z 21,N27  |2 dnb 
016 7 |2 DE-101  |a 1236154835 
020 |a 9783867292696  |c Festeinband : EUR 24.80 (DE), EUR 25.50 (AT) 
020 |a 3867292698 
024 3 |a 9783867292696 
028 5 2 |a 29-269 
035 |a (DE-599)DNB1236154835 
040 |a DE-603  |b ger  |c DE-603  |d DE-603  |e rda 
041 |a ger 
082 0 4 |8 1\u  |a 070.5092  |q DE-101  |2 23/ger 
083 0 |8 2\u  |a 002.0943070904  |q DE-101  |2 23/BSB 
084 |a 070  |a 943  |q DE-101  |2 sdnb 
085 |8 1\u  |b 070.5 
085 |8 1\u  |z 1  |s 092 
085 |8 2\u  |b 002.09 
085 |8 2\u  |z 1  |s 0904 
085 |8 2\u  |z 2  |s 4307 
085 |8 2\u  |z 2  |s 43832 
100 1 |a Pehnke, Andreas  |d 1957-  |e Verfasser  |4 aut  |0 (DE-603)151731454  |0 (DE-588)120063247  |2 gnd 
245 0 0 |a Bücher im Geiste der Weimarer Demokratie  |b Harry Schumann (1894-1942) und der Carl Reissner Verlag  |c von Andreas Pehnke 
250 |a 1. Auflage 
264 1 |a Markkleeberg  |b Sax-Verlag  |c 2021 
300 |a 175 Seiten  |b Illustrationen  |c 25 cm, 630 g 
336 |a Text  |b txt  |2 rdacontent 
337 |a ohne Hilfsmittel zu benutzen  |b n  |2 rdamedia 
338 |a Band  |b nc  |2 rdacarrier 
600 1 7 |a Schumann, Harry  |d 1894-1942  |0 (DE-588)117294608  |0 (DE-603)151105561  |2 gnd 
610 1 7 |a Verlag Carl Reißner  |2 gnd  |0 (DE-588)38134-2  |0 (DE-603)040378667 
648 7 |a Geschichte  |2 gnd 
856 4 2 |m X:MVB  |q text/html  |u http://deposit.dnb.de/cgi-bin/dokserv?id=b147f18dbb3d4102a845b46484b01952&prov=M&dok_var=1&dok_ext=htm  |3 Inhaltstext 
856 4 2 |m B:DE-101  |q application/pdf  |u https://d-nb.info/1236154835/04  |3 Inhaltsverzeichnis 
924 0 |9 603  |a (DE-603)1201900409  |b DE-603  |c HES  |d d 
924 0 |9 2080  |a (DE-603)1337581631  |b DE-2080  |c HES  |d d  |g /